All Lord of the Rings and The Hobbit Characters-L - Statistics

General Stats
  • This quiz has been taken 19 times
  • The average score is 3 of 9
Answer Stats
Times Mentioned Answer % Correct
267 Legolas Greenleaf
100%
2 Luthien
57%
14 Lotho Sackville-baggins
43%
2 Lindir
29%
15 Lobelia Sackville-baggins
29%
1 Lagduf
14%
1 Leofa
14%
1 Loni
14%
7 Lumpkin
0%
No matching quizzes found
Score Distribution
Percent of People with Each Score
Percentile by Number Answered
Your Score History
You have not taken this quiz